Logo na T - Statystyki

Ogólne statystyki
  • Ten quiz został rozwiązany 31 razy
    23 od ostatniego zresetowania
  • Średni wynik to 24 z 32
Statystyki odpowiedzi
Obrazkowy Hint Odpowiedź % Poprawnych
Hipermarket Tesco
100%
Media społecznościowe Tik Tok
100%
Telekomunikacja T-Mobile
100%
Media społecznościowe Twitter
100%
Soki Tymbark
100%
Energia Tauron
94%
Kawa Tchibo
94%
Sprzedaż internetowa Temu
94%
Samochody Tesla
94%
Sklep TK Maxx
94%
Słodycze Toblerone
94%
Samochody Toyota
94%
Gra komputerowa The Sims 4
88%
Program telewizyjny The Voice of Poland
88%
Energetyk Tiger
88%
Toaleta publiczna Toi Toi
88%
Program telewizyjny Trudne Sprawy
88%
Media społecznościowe Twitch
88%
Puzzle Trefl
82%
Alkohol Tyskie
82%
Odzież The North Face
76%
Drażetki Tic Tac
76%
Biuro podróży Tui
76%
Odzież Tommy Hilfiger
71%
Obuwie Timberland
53%
Urzędzenia WI-FI TP-Link
47%
Robot Thermomix
41%
Farmaceutyka Teva
35%
Biżuteria Tous
35%
Linie lotnicze Turkish Airlines
35%
Bagażniki Thule
18%
Komunikator Tlen
6%
Nie znaleziono quizów pasujących do podanych kryteriów
Rozkład punktacji
Procent ludzi z każdym wynikiem
Percentyl według liczby udzielonych odpowiedzi
Twoja historia wyników
Nie rozwiązałeś tego quizu od ostatniego zresetowania